000 01435nam a2200301 a 4500
001 ebr10399493
003 CaPaEBR
006 m u
007 cr cn|||||||||
008 100805s2009 dcu s 000 0 eng d
020 _z0309144973
020 _z9780309144971
040 _aCaPaEBR
_cCaPaEBR
035 _a(OCoLC)650854281
050 1 4 _aQC793.5.N462
_bN38 2009eb
110 2 _aNational Research Council (U.S.)
245 1 3 _aAn assessment of the National Institute of Standards and Technology, Center for Neutron Research
_h[electronic resource] :
_bfiscal year 2009 /
_cPanel on Neutron Research, Laboratory Assessments Board, Division on Engineering and Physical Science.
260 _aWashington, D.C. :
_bNational Academies Press,
_c2009.
300 _avii, 19 p.
533 _aElectronic reproduction.
_bPalo Alto, Calif. :
_cebrary,
_d2010.
_nAvailable via World Wide Web.
_nAccess may be limited to ebrary affiliated libraries.
650 0 _aNeutrons.
655 7 _aElectronic books.
_2local
710 2 _aNational Research Council (U.S.).
_bPanel on Neutron Research.
710 2 _aNational Research Council (U.S.).
_bLaboratory Assessments Board.
710 2 _aNational Research Council (U.S.).
_bDivision on Engineering and Physical Science.
710 2 _aebrary, Inc.
856 4 0 _uhttp://site.ebrary.com/lib/rucke/Doc?id=10399493
_zAn electronic book accessible through the World Wide Web; click to view
999 _c94680
_d94680